[Event "FIDE World Blitz-ch Women 2018"]
[Site "St. Petersburg"]
[Date "2018.12.30"]
[Round "14.59"]
[White "Maroroa, Sue"]
[Black "Loskutova, Viktoriya"]
[Result "0-1"]
[WhiteElo "2120"]
[BlackElo "2105"]
[Annotator "NA"]
[PlyCount "80"]
[EventDate "2018.12.19"]
[EventType "swiss"]
[EventCountry "RUS"]
[SourceTitle "playchess.com"]
[Source "ChessBase"]
[SourceQuality "1"]

1. e4 c5 2. c3 d5 3. exd5 Qxd5 4. d4 Bf5 5. Nf3 Nc6 6. Be3 cxd4 7. cxd4 Bxb1 8. Rxb1 Qa5+ 9. Bd2 Qxa2 10. Bc3 Nf6 11. Bb5 Qd5 12. Qa4 Nd7 13. Be2 e6 14. O-O Be7 15. Bc4 Qd6 16. Qc2 O-O 17. Rbd1 Nf6 18. Ba2 Nb4 19. Bxb4 Qxb4 20. Bb1 g6 21. h4 Rac8 22. Qe2 Rfd8 23. Rfe1 Bf8 24. Qe3 Qxb2 25. Ne5 Bg7 26. g4 Rc3 27. Bd3 Rc7 28. Bb1 a5 29. h5 Nd5 30. Qf3 Bxe5 31. dxe5 Qc3 32. Rd3 Qxe1+ 33. Kg2 Qxe5 34. hxg6 hxg6 35. Qh3 Rdc8 36. Qh4 Qg7 37. Rh3 Rc1 38. Be4 Nf4+ 39. Kf3 Nxh3 40. Qxh3 R1c3+ 0-1

[Event "FIDE World Blitz-ch Women 2018"]
[Site "St. Petersburg"]
[Date "2018.12.30"]
[Round "14.60"]
[White "Utiatskaja, Irina"]
[Black "Belova, Olga"]
[Result "0-1"]
[WhiteElo "2246"]
[BlackElo "2069"]
[Annotator "NA"]
[PlyCount "96"]
[EventDate "2018.12.19"]
[EventType "swiss"]
[EventCountry "RUS"]
[SourceTitle "playchess.com"]
[Source "ChessBase"]
[SourceQuality "1"]

1. e4 e5 2. Nf3 Nc6 3. Nc3 Nf6 4. d4 Bb4 5. dxe5 Nxe4 6. Qd3 d5 7. exd6 Nxd6 8. a3 Qe7+ 9. Be2 Bf5 10. Qd1 Bxc3+ 11. bxc3 O-O 12. O-O Ne4 13. Bb2 Rfd8 14. Nd4 Bg6 15. Re1 Qc5 16. Bd3 Nxc3 17. Bxc3 Qxc3 18. Nb5 Qa5 19. a4 a6 20. Na3 Ne5 21. Qb1 Bxd3 22. cxd3 Nxd3 23. Rf1 b6 24. h3 Qb4 25. Qc2 c5 26. Nc4 b5 27. axb5 Qxb5 28. Na3 Qc6 29. Rac1 Rac8 30. Rcd1 Nb4 31. Qb3 Rxd1 32. Rxd1 h6 33. Nc4 Nd5 34. Qd3 Nf6 35. Qa3 Qb5 36. Ne3 c4 37. Ra1 c3 38. Rc1 Ne4 39. Qa2 a5 40. Qc2 Qb4 41. f3 Qd4 42. fxe4 Qxe3+ 43. Kh2 Qd4 44. Rd1 Qc4 45. Rd3 a4 46. e5 Qf4+ 47. Kg1 Qxe5 48. Qxa4 c2 0-1

[Event "FIDE World Blitz-ch Women 2018"]
[Site "St. Petersburg"]
[Date "2018.12.30"]
[Round "14.61"]
[White "Tevzadze, Mariam"]
[Black "Komiagina, Maria"]
[Result "0-1"]
[WhiteElo "1967"]
[BlackElo "2234"]
[Annotator "NA"]
[PlyCount "98"]
[EventDate "2018.12.19"]
[EventType "swiss"]
[EventCountry "RUS"]
[SourceTitle "playchess.com"]
[Source "ChessBase"]
[SourceQuality "1"]

1. d4 Nf6 2. c4 g6 3. Nc3 Bg7 4. e4 d6 5. f3 c6 6. Be3 a6 7. Qd2 b5 8. cxb5 axb5 9. Bh6 Bxh6 10. Qxh6 b4 11. Nce2 Be6 12. Qd2 Qb6 13. g4 Rxa2 14. Rxa2 Bxa2 15. g5 Nfd7 16. h4 Bc4 17. h5 Rg8 18. hxg6 hxg6 19. Rh7 Rf8 20. Nh3 Qb5 21. Kf2 c5 22. d5 Ne5 23. Nef4 Bxf1 24. b3 Bxh3 25. Rxh3 c4 26. bxc4 Qxc4 27. Kg3 Kd7 28. Rh1 Rc8 29. Ra1 Qc3 30. Ra7+ Kd8 31. Qf2 Qc5 32. Qa2 Qg1+ 33. Ng2 Qc5 34. Qa1 Nbd7 35. Rb7 Qc3 36. Qa5+ Ke8 37. Nh4 Qc5 38. Qa1 Nd3 39. Qh8+ Nf8 40. Kg4 Ne5+ 41. Kg3 Qg1+ 42. Ng2 Qf1 43. Nh4 Qe1+ 44. Kh3 Qh1+ 45. Kg3 Nxf3 46. Rxe7+ Kxe7 47. Qf6+ Ke8 48. Nxf3 Rc3 49. e5 Qxf3+ 0-1

[Event "FIDE World Blitz-ch Women 2018"]
[Site "St. Petersburg"]
[Date "2018.12.30"]
[Round "15.1"]
[White "Paehtz, Elisabeth"]
[Black "Lagno, Kateryna"]
[Result "1/2-1/2"]
[WhiteElo "2487"]
[BlackElo "2560"]
[Annotator "TA"]
[PlyCount "182"]
[EventDate "2018.12.19"]
[EventType "swiss"]
[EventCountry "RUS"]
[SourceTitle "playchess.com"]
[Source "ChessBase"]
[SourceQuality "1"]

1. d4 d6 2. Nf3 Nf6 3. c3 g6 4. Bg5 Bg7 5. Nbd2 c5 6. e3 O-O 7. Be2 Nc6 8. O-O cxd4 9. cxd4 h6 10. Bh4 g5 11. Bg3 Bf5 12. Qb3 Qb6 13. Qxb6 axb6 14. a3 Nd7 15. Rfc1 Rfc8 16. Ne1 e5 17. dxe5 dxe5 18. Nc4 Bf8 19. Rd1 Be6 20. Nd6 Rc7 21. Rac1 Nc5 22. Nb5 Rd7 23. Rxd7 Bxd7 24. Rd1 Rd8 25. Nf3 f6 26. Bc4+ Be6 27. Rxd8 Nxd8 28. Bxe6+ Ncxe6 29. Nd2 Nc6 30. f3 Nc5 31. Nc4 Nd3 32. b4 Kf7 33. Nxb6 Ke6 34. e4 f5 35. exf5+ Kxf5 36. Nd7 Be7 37. Bf2 e4 38. fxe4+ Kxe4 39. Bb6 Kd5 40. Nc3+ Kc4 41. Ne4 Kb3 42. b5 Nce5 43. Nxe5 Nxe5 44. Bc5 Bd8 45. Bd4 Nc4 46. Nc5+ Kxa3 47. Nxb7 Bc7 48. Nc5 Bb6 49. Ne6 Kb4 50. Bxb6 Nxb6 51. Nd4 Nd5 52. Nf5 Kxb5 53. Nxh6 Nf6 54. Nf7 g4 55. Ne5 Kc5 56. Kf2 Kd4 57. Nf7 Ke4 58. Nd6+ Ke5 59. Nc4+ Kf4 60. g3+ Kf5 61. Ne3+ Kg5 62. Ke2 Ne4 63. Ng2 Kf5 64. Ke3 Ng5 65. Nh4+ Ke5 66. Ng6+ Kf5 67. Nh4+ Ke5 68. Kf2 Ne4+ 69. Kg2 Ng5 70. Ng6+ Kf5 71. Nf4 Ke5 72. Ne2 Kf5 73. Nc3 Ke5 74. Nd1 Nh7 75. Ne3 Nf6 76. Kf2 Kd4 77. Nf5+ Ke4 78. Nd6+ Kd5 79. Nf5 Ke4 80. Nh4 Nd5 81. Ng2 Nf6 82. Ne3 Kd3 83. Nf5 Ke4 84. Nd6+ Kd5 85. Nf5 Ke4 86. Ne3 Kd3 87. Ng2 Ke4 88. Ke2 Nd5 89. Nh4 Nf6 90. Ng6 Nd5 91. Kf2 Nf6 1/2-1/2

[Event "FIDE World Blitz-ch Women 2018"]
[Site "St. Petersburg"]
[Date "2018.12.30"]
[Round "15.2"]
[White "Lei, Tingjie"]
[Black "Ushenina, Anna"]
[Result "1-0"]
[WhiteElo "2453"]
[BlackElo "2440"]
[Annotator "TA"]
[PlyCount "81"]
[EventDate "2018.12.19"]
[EventType "swiss"]
[EventCountry "RUS"]
[SourceTitle "playchess.com"]
[Source "ChessBase"]
[SourceQuality "1"]

1. e4 c5 2. Nf3 Nc6 3. Bb5 g6 4. O-O Bg7 5. Re1 e5 6. Bxc6 dxc6 7. d3 Nh6 8. a4 a5 9. Na3 f6 10. Nc4 O-O 11. b3 Nf7 12. Ba3 b6 13. c3 Be6 14. d4 b5 15. axb5 cxb5 16. d5 Bd7 17. Ne3 b4 18. Bb2 Nd6 19. Qc2 Qb6 20. Nd2 Bb5 21. Rec1 Bh6 22. Re1 Bxe3 23. Rxe3 Rfc8 24. c4 Bd7 25. f4 Nf7 26. fxe5 Nxe5 27. Nf3 Qd6 28. Nxe5 fxe5 29. Rf3 Re8 30. Qf2 Qe7 31. Rf1 a4 32. Rf7 Qd8 33. Qe3 Re7 34. R7f6 a3 35. Ba1 Kg7 36. d6 Re6 37. Rf7+ Kh8 38. Qh6 Qg8 39. Rxd7 g5 40. Rxh7+ Qxh7 41. Qxe6 1-0

[Event "FIDE World Blitz-ch Women 2018"]
[Site "St. Petersburg"]
[Date "2018.12.30"]
[Round "15.3"]
[White "Khademalsharieh, Sarasadat"]
[Black "Khotenashvili, Bela"]
[Result "1-0"]
[WhiteElo "2470"]
[BlackElo "2479"]
[Annotator "TA"]
[PlyCount "97"]
[EventDate "2018.12.19"]
[EventType "swiss"]
[EventCountry "RUS"]
[SourceTitle "playchess.com"]
[Source "ChessBase"]
[SourceQuality "1"]

1. d4 g6 2. g3 Bg7 3. Bg2 c5 4. c3 Nf6 5. Nf3 Qc7 6. O-O O-O 7. Nbd2 d6 8. e4 e5 9. dxe5 dxe5 10. Qc2 Be6 11. Ng5 Bd7 12. Nc4 Bc6 13. Re1 h6 14. Nf3 Nbd7 15. Nfd2 b5 16. Ne3 c4 17. b3 cxb3 18. axb3 Rfc8 19. Bb2 a5 20. c4 Qb7 21. Nd5 Bf8 22. Nxf6+ Nxf6 23. Bxe5 Nd7 24. Bc3 a4 25. bxa4 bxa4 26. Rab1 Qa6 27. Ba1 a3 28. Qc3 f6 29. Bh3 Bg7 30. Be6+ Kh7 31. Bd5 Rc7 32. f4 Nc5 33. Qe3 Qa5 34. Bc3 Qa7 35. Bd4 Bxd5 36. cxd5 a2 37. Rbc1 Rac8 38. d6 Rc6 39. Bxc5 Rxc5 40. Rxc5 Rxc5 41. Nb3 Ra5 42. Qxa7 Rxa7 43. e5 fxe5 44. fxe5 Bxe5 45. Rxe5 a1=Q+ 46. Nxa1 Rxa1+ 47. Kg2 Rd1 48. Re7+ Kg8 49. d7 1-0

[Event "FIDE World Blitz-ch Women 2018"]
[Site "St. Petersburg"]
[Date "2018.12.30"]
[Round "15.4"]
[White "Ju, Wenjun"]
[Black "Gunina, Valentina"]
[Result "0-1"]
[WhiteElo "2575"]
[BlackElo "2496"]
[Annotator "TA"]
[PlyCount "146"]
[EventDate "2018.12.19"]
[EventType "swiss"]
[EventCountry "RUS"]
[SourceTitle "playchess.com"]
[Source "ChessBase"]
[SourceQuality "1"]

1. d4 Nf6 2. c4 e6 3. g3 d5 4. Nf3 Be7 5. Bg2 O-O 6. O-O Nbd7 7. Qb3 c6 8. Nc3 b6 9. Bf4 Ba6 10. cxd5 cxd5 11. Nb5 Ne8 12. Rfc1 g5 13. Bd2 h6 14. Ne5 Nxe5 15. dxe5 Bc5 16. e3 f6 17. Bc3 Qd7 18. a4 Qf7 19. Qc2 Rc8 20. Qd2 fxe5 21. Bxe5 Nf6 22. Bd4 Ng4 23. Rf1 Bxd4 24. exd4 Bxb5 25. axb5 Rc4 26. b3 Rc7 27. h3 Nf6 28. Rfe1 Re8 29. Re2 Qd7 30. Qd3 Kg7 31. Rae1 Qc8 32. Re3 Rc2 33. Bf3 Rc1 34. Rxc1 Qxc1+ 35. Kg2 Qc7 36. Qe2 Qd7 37. Bg4 Nxg4 38. hxg4 Qf7 39. Re5 Re7 40. Qe3 Qe8 41. Qd3 Qg6 42. Qe2 Kf7 43. Qf3+ Ke8 44. Qc3 Kf7 45. Re3 Kg7 46. Rf3 Qe4 47. Qe3 Rd7 48. Kh3 Qxe3 49. Rxe3 Kf6 50. f4 Rc7 51. Re5 Rc3 52. f5 exf5 53. gxf5 Rxb3 54. Rxd5 h5 55. Kg2 g4 56. Kf2 Rf3+ 57. Kg2 Rxf5 58. Rd7 Rxb5 59. Rxa7 Rb2+ 60. Kg1 Kf5 61. Re7 b5 62. Re5+ Kf6 63. Rxh5 b4 64. Rb5 b3 65. Kf1 Ke6 66. Ke1 Kd6 67. Kd1 Kc6 68. Rb4 Kd5 69. Kc1 Rc2+ 70. Kb1 Rc3 71. Rb5+ Kc4 72. Rg5 Rxg3 73. d5 Kc3 0-1

[Event "FIDE World Blitz-ch Women 2018"]
[Site "St. Petersburg"]
[Date "2018.12.30"]
[Round "15.5"]
[White "Cramling, Pia"]
[Black "Garifullina, Leya"]
[Result "0-1"]
[WhiteElo "2465"]
[BlackElo "2132"]
[Annotator "TA"]
[PlyCount "108"]
[EventDate "2018.12.19"]
[EventType "swiss"]
[EventCountry "RUS"]
[SourceTitle "playchess.com"]
[Source "ChessBase"]
[SourceQuality "1"]

1. Nf3 Nf6 2. c4 e6 3. g3 d5 4. d4 Be7 5. Bg2 O-O 6. O-O Nbd7 7. Qc2 c6 8. Bf4 b6 9. b3 Bb7 10. Nc3 c5 11. Rfd1 Rc8 12. Ne5 cxd4 13. Nb5 a6 14. Nxd4 Nxe5 15. Bxe5 b5 16. Qb2 Nd7 17. cxd5 Nxe5 18. d6 Bxg2 19. dxe7 Qxe7 20. Kxg2 Qb7+ 21. Kg1 Qe4 22. Rac1 h6 23. Rc3 Rxc3 24. Qxc3 Rd8 25. Rd2 Kh7 26. f3 Qb1+ 27. Kg2 Ng6 28. Nc6 Rxd2 29. Qxd2 Qf5 30. Nb4 a5 31. Nc6 a4 32. bxa4 bxa4 33. Nb4 Qb5 34. Nd3 e5 35. Qc2 e4 36. fxe4 a3 37. Qc3 Qa4 38. Nc5 Qa8 39. Qd4 Qb8 40. Qc3 Qb2 41. Qc4 Ne5 42. Qd5 Qxe2+ 43. Kh3 Qh5+ 44. Kg2 Qf3+ 45. Kg1 Qe3+ 46. Kg2 Qc3 47. Na4 Qc2+ 48. Kh3 Ng6 49. Nc5 Qf2 50. Qc4 Qf3 51. Nd3 Qf1+ 52. Kg4 h5+ 53. Kg5 f6+ 54. Kxh5 Qh3# 0-1

[Event "FIDE World Blitz-ch Women 2018"]
[Site "St. Petersburg"]
[Date "2018.12.30"]
[Round "15.6"]
[White "Muzychuk, Anna"]
[Black "Bodnaruk, Anastasia"]
[Result "1/2-1/2"]
[WhiteElo "2569"]
[BlackElo "2420"]
[Annotator "TA"]
[PlyCount "69"]
[EventDate "2018.12.19"]
[EventType "swiss"]
[EventCountry "RUS"]
[SourceTitle "playchess.com"]
[Source "ChessBase"]
[SourceQuality "1"]

1. e4 c5 2. Nf3 Nc6 3. Bb5 g6 4. O-O Bg7 5. Bxc6 dxc6 6. d3 Nh6 7. h3 f6 8. Nc3 Nf7 9. Be3 b6 10. Qd2 e5 11. a3 O-O 12. Nh2 f5 13. exf5 Bxf5 14. Qe2 Qd7 15. Rad1 Nd6 16. f3 Kh8 17. Ne4 Be6 18. Nxd6 Qxd6 19. Ng4 Rae8 20. Kh1 h5 21. Nf2 Bf5 22. Ne4 Qd7 23. g4 Bxe4 24. fxe4 Qe6 25. Kg2 hxg4 26. Qxg4 Qxg4+ 27. hxg4 Kg8 28. b4 cxb4 29. axb4 Rxf1 30. Rxf1 Rf8 31. Ra1 Rf7 32. Ra3 Rd7 33. Rc3 Rd6 34. Ra3 Rd7 35. Rc3 1/2-1/2

[Event "FIDE World Blitz-ch Women 2018"]
[Site "St. Petersburg"]
[Date "2018.12.30"]
[Round "15.7"]
[White "Koneru, Humpy"]
[Black "Gaponenko, Inna"]
[Result "0-1"]
[WhiteElo "2541"]
[BlackElo "2420"]
[Annotator "TA"]
[PlyCount "106"]
[EventDate "2018.12.19"]
[EventType "swiss"]
[EventCountry "RUS"]
[SourceTitle "playchess.com"]
[Source "ChessBase"]
[SourceQuality "1"]

1. d4 d6 2. Nf3 g6 3. g3 Bg7 4. Bg2 Nf6 5. O-O O-O 6. c4 Nc6 7. Nc3 e5 8. d5 Nb8 9. Ne1 a5 10. e4 Na6 11. h3 Nd7 12. Nd3 Ndc5 13. Be3 Nxd3 14. Qxd3 Nc5 15. Qc2 f5 16. f4 exf4 17. Bxf4 fxe4 18. Rae1 Nd3 19. Rxe4 Nxf4 20. Rexf4 Rxf4 21. Rxf4 Bf5 22. Qd1 Qe7 23. Rf3 Re8 24. g4 Bd7 25. Qd2 Qe1+ 26. Qxe1 Rxe1+ 27. Rf1 Bxc3 28. bxc3 Rxf1+ 29. Kxf1 g5 30. Kf2 Kg7 31. Ke3 Kf6 32. Kd4 b6 33. a3 Be8 34. Be4 h5 35. Bf5 h4 36. Bc2 Bd7 37. Bd1 Bc8 38. Bc2 Bd7 39. Bd1 c5+ 40. Ke4 Be8 41. Ke3 Ke5 42. Bc2 b5 43. Bd3 bxc4 44. Bxc4 Bf7 45. Bf1 Bxd5 46. c4 Bc6 47. Be2 Bg2 48. Kf2 Bxh3 49. Kf3 Kd4 50. a4 d5 51. cxd5 Kxd5 52. Kf2 Ke4 53. Bc4 Bxg4 0-1

[Event "FIDE World Blitz-ch Women 2018"]
[Site "St. Petersburg"]
[Date "2018.12.30"]
[Round "15.8"]
[White "Stefanova, Antoaneta"]
[Black "Arabidze, Meri"]
[Result "1/2-1/2"]
[WhiteElo "2486"]
[BlackElo "2387"]
[Annotator "TA"]
[PlyCount "130"]
[EventDate "2018.12.19"]
[EventType "swiss"]
[EventCountry "RUS"]
[SourceTitle "playchess.com"]
[Source "ChessBase"]
[SourceQuality "1"]

1. d4 d5 2. Nf3 Nf6 3. e3 c5 4. Nbd2 Nc6 5. dxc5 e5 6. Bb5 e4 7. Nd4 Bd7 8. Bxc6 bxc6 9. b4 a5 10. c3 Be7 11. O-O O-O 12. a4 Qc7 13. h3 Qe5 14. f4 exf3 15. N2xf3 Qc7 16. Bd2 Ne4 17. Be1 h6 18. Qc2 f5 19. Nb3 Bf6 20. Nxa5 Nxc5 21. Nd4 Be5 22. Naxc6 Bxc6 23. bxc5 Bd7 24. c6 Bxd4 25. cxd4 Qxc6 26. Qxc6 Bxc6 27. a5 Bb5 28. Rf2 Bc4 29. Rb2 f4 30. exf4 Rxf4 31. Bf2 Re4 32. Rb6 Ba6 33. Rd6 Re2 34. Bg3 Bd3 35. a6 Be4 36. Bf2 Rf8 37. Rf1 Ra2 38. Rb6 Kh7 39. h4 h5 40. a7 Rxa7 41. Be3 Rxf1+ 42. Kxf1 Ra1+ 43. Ke2 Ra2+ 44. Bd2 Bxg2 45. Rb7 Be4 46. Ke3 Ra3+ 47. Kf2 Rf3+ 48. Ke2 Rh3 49. Bg5 Kg6 50. Kf2 Rf3+ 51. Ke2 Rh3 52. Rb6+ Kf5 53. Rb7 g6 54. Rf7+ Kg4 55. Rf4+ Kg3 56. Rf6 Rh2+ 57. Ke3 Rh1 58. Kd2 Ra1 59. Rb6 Kg4 60. Rb4 Ra2+ 61. Kc3 Rc2+ 62. Kb3 Rc6 63. Rb5 Rc8 64. Rb6 Rf8 65. Rf6 Rxf6 1/2-1/2

[Event "FIDE World Blitz-ch Women 2018"]
[Site "St. Petersburg"]
[Date "2018.12.30"]
[Round "15.9"]
[White "Goryachkina, Aleksandra"]
[Black "Mamedjarova, Zeinab"]
[Result "1/2-1/2"]
[WhiteElo "2518"]
[BlackElo "2338"]
[Annotator "TA"]
[PlyCount "135"]
[EventDate "2018.12.19"]
[EventType "swiss"]
[EventCountry "RUS"]
[SourceTitle "playchess.com"]
[Source "ChessBase"]
[SourceQuality "1"]

1. d4 d5 2. c4 e6 3. Nf3 Be7 4. g3 Nf6 5. Bg2 O-O 6. O-O b6 7. b3 Bb7 8. Bb2 Nbd7 9. Nbd2 Rc8 10. Rc1 c5 11. cxd5 Nxd5 12. dxc5 Nxc5 13. a3 Bf6 14. Ne5 Qe7 15. b4 Nd7 16. Ndf3 Rxc1 17. Qxc1 Rc8 18. Qa1 Rc2 19. Re1 Qd6 20. Bd4 Nxe5 21. Nxe5 Ba6 22. e3 Rc8 23. Ng4 Bxd4 24. Qxd4 Rc4 25. Qd1 Qc7 26. e4 Ne7 27. Ne3 Rc3 28. Qd2 Rxa3 29. Rc1 Qb8 30. Qb2 Ra4 31. h4 h6 32. Qb3 Bb5 33. Nd1 Qd6 34. Rb1 Bc6 35. Nc3 Ra6 36. e5 Qc7 37. Bxc6 Nxc6 38. b5 Nd4 39. Qb4 Qxc3 40. bxa6 Nf3+ 41. Kg2 Qd3 42. Rc1 Nd2 43. Qf4 Qd5+ 44. Kh3 Nf3 45. Rc8+ Kh7 46. Rc1 Nxe5 47. Re1 Ng6 48. Qe3 Qf5+ 49. Kg2 Qd5+ 50. Qf3 Qa5 51. Qxf7 Qxa6 52. Rxe6 Qd3 53. h5 Qd5+ 54. Kg1 Qd1+ 55. Kg2 Qxh5 56. Qd7 Qg4 57. Re7 Nf4+ 58. Kg1 Nh3+ 59. Kh2 Qxd7 60. Rxd7 Nxf2 61. Rxa7 Ng4+ 62. Kg2 Nf6 63. Rb7 Nd5 64. Kf3 Kg6 65. Rxb6+ Kf7 66. Rb4 Ke6 67. Kg4 Nf4 68. Re4+ 1/2-1/2

[Event "FIDE World Blitz-ch Women 2018"]
[Site "St. Petersburg"]
[Date "2018.12.30"]
[Round "15.10"]
[White "Munkhzul, Turmunkh"]
[Black "Harika, Dronavalli"]
[Result "0-1"]
[WhiteElo "2255"]
[BlackElo "2494"]
[Annotator "TA"]
[PlyCount "102"]
[EventDate "2018.12.19"]
[EventType "swiss"]
[EventCountry "RUS"]
[SourceTitle "playchess.com"]
[Source "ChessBase"]
[SourceQuality "1"]

1. e4 e6 2. d4 d5 3. Nd2 c5 4. exd5 Qxd5 5. Ngf3 cxd4 6. Bc4 Qd8 7. O-O Nc6 8. Nb3 a6 9. Nbxd4 Nxd4 10. Qxd4 Qxd4 11. Nxd4 Bd7 12. c3 Nf6 13. Bf4 Bc5 14. Nb3 Bb6 15. Bd6 Rc8 16. Rad1 Rxc4 17. Nd2 Rc6 18. Ba3 Bc5 19. b4 Be7 20. c4 Rc8 21. f3 a5 22. Rb1 axb4 23. Bxb4 Bxb4 24. Rxb4 Bc6 25. Nb3 Ke7 26. Na5 Rc7 27. Rfb1 Ra8 28. Nxc6+ bxc6 29. R1b2 Nd7 30. Rd2 Nc5 31. Kf2 Rxa2 32. Rxa2 Nd3+ 33. Ke3 Nxb4 34. Ra4 c5 35. Ra5 Nc2+ 36. Kd2 Nd4 37. Kc3 h5 38. f4 Ne2+ 39. Kd2 Nxf4 40. g3 Ng6 41. Kc3 Ne5 42. Ra8 g6 43. Ra5 Ng4 44. h4 Ne3 45. Ra3 Nf5 46. Kd2 Rd7+ 47. Kc2 Rd4 48. Rc3 Rg4 49. Ra3 Rxc4+ 50. Kd2 Rg4 51. Rc3 c4 0-1

[Event "FIDE World Blitz-ch Women 2018"]
[Site "St. Petersburg"]
[Date "2018.12.30"]
[Round "15.11"]
[White "Zhao, Xue"]
[Black "Javakhishvili, Lela"]
[Result "0-1"]
[WhiteElo "2485"]
[BlackElo "2464"]
[Annotator "TA"]
[PlyCount "82"]
[EventDate "2018.12.19"]
[EventType "swiss"]
[EventCountry "RUS"]
[SourceTitle "playchess.com"]
[Source "ChessBase"]
[SourceQuality "1"]

1. c4 c5 2. g3 Nc6 3. Bg2 g6 4. e3 Bg7 5. Ne2 e6 6. Nbc3 Nge7 7. Nf4 d6 8. O-O O-O 9. d3 a6 10. a4 Rb8 11. Bd2 b6 12. Ne4 Bb7 13. Bc3 e5 14. Ne2 d5 15. cxd5 Nxd5 16. Rc1 Ndb4 17. d4 exd4 18. exd4 cxd4 19. Bd2 h6 20. Bf4 Ne5 21. Qd2 d3 22. N2c3 Nc4 23. Qd1 Rc8 24. Qb3 a5 25. Rfd1 g5 26. Be3 Nxe3 27. fxe3 Qe7 28. Rf1 Bxc3 29. bxc3 Bxe4 30. cxb4 Bxg2 31. Kxg2 Rxc1 32. Rxc1 Qxe3 33. Rf1 Qe4+ 34. Kg1 axb4 35. Rd1 Rd8 36. Qb2 Qd4+ 37. Qxd4 Rxd4 38. Kf2 d2 39. Ke3 Rd5 40. Ke2 Kg7 41. Rb1 d1=Q+ 0-1

[Event "FIDE World Blitz-ch Women 2018"]
[Site "St. Petersburg"]
[Date "2018.12.30"]
[Round "15.12"]
[White "Tan, Zhongyi"]
[Black "Abdumalik, Zhansaya"]
[Result "1-0"]
[WhiteElo "2508"]
[BlackElo "2470"]
[Annotator "TA"]
[PlyCount "103"]
[EventDate "2018.12.19"]
[EventType "swiss"]
[EventCountry "RUS"]
[SourceTitle "playchess.com"]
[Source "ChessBase"]
[SourceQuality "1"]

1. d4 Nf6 2. Bg5 d5 3. Nd2 Nbd7 4. Ngf3 g6 5. e3 Bg7 6. c4 O-O 7. cxd5 Nxd5 8. Rc1 c6 9. Be2 h6 10. Bh4 Qa5 11. O-O Qxa2 12. Nc4 Qa6 13. Qd2 b5 14. Na5 Bb7 15. e4 N5f6 16. Bd3 Qb6 17. Rfe1 g5 18. Bg3 Nh5 19. e5 Nxg3 20. hxg3 c5 21. e6 fxe6 22. dxc5 Nxc5 23. Bb1 Rad8 24. Qc2 Nd3 25. Nxb7 Qxb7 26. Rcd1 Nxe1 27. Qh7+ Kf7 28. Rxe1 Rd5 29. Qg6+ Kg8 30. Ne5 Rxe5 31. Rxe5 Rf6 32. Qe8+ Rf8 33. Qg6 Rf6 34. Qh7+ Kf8 35. Bd3 Qb6 36. Re3 Qd4 37. Bxb5 Qxb2 38. Be2 Qc1+ 39. Bf1 Qd2 40. Re2 Qd4 41. Qb1 e5 42. Qb8+ Kf7 43. Rc2 Rd6 44. Bc4+ Kf6 45. Rc1 Rd8 46. Qb7 Bf8 47. Qf3+ Qf4 48. gxf4 exf4 49. Qe4 Rd6 50. Re1 Kg7 51. Qe5+ Rf6 52. Qd5 1-0

[Event "FIDE World Blitz-ch Women 2018"]
[Site "St. Petersburg"]
[Date "2018.12.30"]
[Round "15.14"]
[White "Charochkina, Daria"]
[Black "Galliamova, Alisa"]
[Result "0-1"]
[WhiteElo "2344"]
[BlackElo "2444"]
[Annotator "TA"]
[PlyCount "80"]
[EventDate "2018.12.19"]
[EventType "swiss"]
[EventCountry "RUS"]
[SourceTitle "playchess.com"]
[Source "ChessBase"]
[SourceQuality "1"]

1. d4 d5 2. c4 c6 3. Nc3 Nf6 4. Nf3 e6 5. Bg5 Nbd7 6. e3 h6 7. Bh4 g5 8. Bg3 Nh5 9. Qc2 Nxg3 10. hxg3 Bg7 11. O-O-O Qe7 12. Bd3 Nb6 13. c5 Nd7 14. g4 b6 15. cxb6 axb6 16. e4 dxe4 17. Bxe4 Bb7 18. Kb1 Nf6 19. Ne5 Nxe4 20. Nxe4 Qc7 21. Nc4 O-O-O 22. Rh3 Rxd4 23. Ned6+ Kb8 24. Rxd4 Bxd4 25. Rd3 Bc5 26. Nxb7 Kxb7 27. Qd2 Kc8 28. b4 b5 29. bxc5 bxc4 30. Rd6 Qb7+ 31. Ka1 Qb5 32. Qd4 Re8 33. Qe5 f6 34. Qe3 e5 35. Rd1 Rd8 36. Rb1 Qa5 37. Qc1 Qxc5 38. Qc2 Qd4+ 39. Rb2 Qd1+ 40. Qxd1 Rxd1+ 0-1

[Event "FIDE World Blitz-ch Women 2018"]
[Site "St. Petersburg"]
[Date "2018.12.30"]
[Round "15.15"]
[White "Buksa, Nataliya"]
[Black "Mammadzada, Gunay"]
[Result "0-1"]
[WhiteElo "2410"]
[BlackElo "2422"]
[Annotator "TA"]
[PlyCount "110"]
[EventDate "2018.12.19"]
[EventType "swiss"]
[EventCountry "RUS"]
[SourceTitle "playchess.com"]
[Source "ChessBase"]
[SourceQuality "1"]

1. d4 d5 2. Nc3 Nf6 3. Bf4 c5 4. dxc5 Nc6 5. e3 e5 6. Bg5 Be6 7. Bb5 Bxc5 8. Nf3 Qd6 9. O-O O-O 10. a3 Nd7 11. b4 Bb6 12. Ne4 Qc7 13. Ng3 f6 14. Bh4 e4 15. Bxc6 bxc6 16. Nd4 Bxd4 17. exd4 g5 18. Bxg5 fxg5 19. Qh5 Qf4 20. c4 Bg4 21. Qh6 Rf6 22. Nh5 Rxh6 23. Nxf4 gxf4 24. f3 exf3 25. gxf3 Bf5 26. cxd5 cxd5 27. Rac1 Nb6 28. Rc5 Rg6+ 29. Kf2 Rc8 30. Rfc1 Bh3 31. Rxc8+ Nxc8 32. Rc5 Rg2+ 33. Ke1 Rxh2 34. Rxd5 Ra2 35. Rg5+ Kf7 36. Rh5 Be6 37. Rxh7+ Kf6 38. Rc7 Rxa3 39. d5 Bf5 40. Kf2 Ke5 41. Rf7 Nd6 42. Rc7 Kxd5 43. Rc5+ Kd4 44. Rc6 Kd5 45. Rc5+ Ke6 46. Rc6 Ra2+ 47. Ke1 Ke5 48. Rc1 Bd3 49. Rc5+ Kd4 50. Rc6 Nb5 51. Rc8 Ke3 52. Re8+ Kxf3 53. Rg8 Be4 54. Rb8 Ke3 55. Kd1 Ra1# 0-1

[Event "FIDE World Blitz-ch Women 2018"]
[Site "St. Petersburg"]
[Date "2018.12.30"]
[Round "15.16"]
[White "Drozdova, Dina"]
[Black "Dzagnidze, Nana"]
[Result "1/2-1/2"]
[WhiteElo "2178"]
[BlackElo "2513"]
[Annotator "TA"]
[PlyCount "147"]
[EventDate "2018.12.19"]
[EventType "swiss"]
[EventCountry "RUS"]
[SourceTitle "playchess.com"]
[Source "ChessBase"]
[SourceQuality "1"]

1. d4 d5 2. c4 dxc4 3. e3 Nf6 4. Bxc4 e6 5. Nf3 c5 6. O-O a6 7. dxc5 Bxc5 8. Qxd8+ Kxd8 9. Nbd2 Nc6 10. a3 Ba7 11. b4 b5 12. Be2 Ke7 13. Bb2 Bd7 14. Rac1 Rhc8 15. Nb3 Be8 16. Nfd2 Bb6 17. Bf3 Ra7 18. Nd4 Bxd4 19. Bxd4 Raa8 20. Bc5+ Kd8 21. Nb3 Bd7 22. Rfd1 Ke8 23. Na5 Nd5 24. Bxd5 exd5 25. Rxd5 Nxa5 26. bxa5 Be6 27. Rdd1 Rc6 28. Bb4 Rac8 29. Rxc6 Rxc6 30. h3 f6 31. Kh2 h5 32. Kg3 Kf7 33. Rd6 Rxd6 34. Bxd6 Bd5 35. f3 Ke6 36. Bb4 g6 37. h4 Bc4 38. Kf4 Bf1 39. g4 Be2 40. gxh5 gxh5 41. e4 Bd1 42. Ke3 f5 43. Kf4 fxe4 44. fxe4 Bc2 45. Kg5 Bd1 46. Bc3 Bf3 47. Kf4 Bd1 48. Ke3 Bc2 49. Kd4 Kd6 50. Bb4+ Kc6 51. Ke5 Bb1 52. Kf5 Bc2 53. Kg5 Bd1 54. e5 Kd7 55. Kf5 Bc2+ 56. Kf6 Bb3 57. Kf5 Bc2+ 58. Kg5 Bd1 59. Kf6 Bb3 60. Bc5 Bc4 61. Kf5 Bd3+ 62. Kf4 Bc2 63. Ke3 Bb3 64. Kd4 Kc6 65. Bb4 Bd5 66. Ke3 Kd7 67. Kf4 Ke6 68. Bd6 Bc6 69. Kg5 Bf3 70. Kg6 Kd7 71. Kf6 Bg4 72. Kf7 Be6+ 73. Kf6 Bg4 74. Bb4 1/2-1/2

[Event "FIDE World Blitz-ch Women 2018"]
[Site "St. Petersburg"]
[Date "2018.12.30"]
[Round "15.17"]
[White "Muzychuk, Mariya"]
[Black "Vega Gutierrez, Sabrina"]
[Result "0-1"]
[WhiteElo "2540"]
[BlackElo "2390"]
[Annotator "TA"]
[PlyCount "106"]
[EventDate "2018.12.19"]
[EventType "swiss"]
[EventCountry "RUS"]
[SourceTitle "playchess.com"]
[Source "ChessBase"]
[SourceQuality "1"]

1. e4 c5 2. Nf3 Nc6 3. Bb5 e6 4. O-O Nge7 5. Re1 a6 6. Bf1 d5 7. exd5 Nxd5 8. d4 Nf6 9. Be3 cxd4 10. Nxd4 Nxd4 11. Bxd4 Be7 12. c3 O-O 13. Nd2 b5 14. Nf3 Bb7 15. Ne5 Qd5 16. Ng4 Rfd8 17. Re5 Qc6 18. Rg5 Ne8 19. Nh6+ Kf8 20. Qh5 g6 21. Rg3 Qd5 22. Qe2 Bf6 23. Rf3 e5 24. Bxe5 Kg7 25. Ng4 Bxe5 26. Nxe5 Nf6 27. Rd3 Qe6 28. Rad1 Rxd3 29. Rxd3 Re8 30. Re3 Nd5 31. Nxg6 Nxe3 32. Nf4 Qe5 33. Nh5+ Kh6 34. Ng3 Nc4 35. Qg4 Qg5 36. Qh3+ Kg7 37. Nf5+ Kh8 38. Qd3 Re1 39. Qd4+ Kg8 40. h4 Qxf5 41. Qd8+ Kg7 42. Qd4+ Qf6 43. Qg4+ Kh8 44. Qd7 Re7 45. Qd8+ Kg7 46. h5 h6 47. Qd3 Be4 48. Qg3+ Kh7 49. f3 Bf5 50. Qf4 Ne3 51. Bd3 Qe5 52. Bxf5+ Qxf5 53. Qh4 Rd7 0-1